000 00377nam a22001451a 4500
020 _a9788178793122
082 _a796.077
_bSHA/S
245 _aSports training/
_cby Sharad Chandra Mishra (ed.)
260 _aNew Delhi:
_bSports Publications,
_c2006.
300 _a440p.
650 _aSports Training
650 _aSports
700 _aSharad Chandra Mishra (ed.)
942 _cBK
999 _c43390
_d43390